[Event "Biel GM 51st"]
[Site "Biel"]
[Date "2018.07.29"]
[Round "7"]
[White "Mamedyarov, Shakhriyar"]
[Black "Navara, David"]
[Result "1-0"]
[WhiteElo "2801"]
[BlackElo "2741"]
[Annotator "Sadorra,J"]
[PlyCount "135"]
[EventDate "2018.07.22"]
[EventType "tourn"]
[EventRounds "10"]
[EventCountry "SUI"]
[EventCategory "20"]
[SourceTitle "CBM 186"]
[Source "ChessBase"]
[SourceDate "2018.09.14"]
[SourceVersion "1"]
[SourceVersionDate "2018.09.14"]
[SourceQuality "1"]

1. d4 Nf6 2. c4 e6 3. Nf3 d5 4. e3 c5 5. Nc3 ({The other popular way to obtain
an IQP game is} 5. cxd5 exd5 6. Bb5+ Bd7 7. Bxd7+ Nbxd7 8. dxc5 Nxc5 9. O-O Be7
10. Nc3 (10. Bd2 $5)) 5... a6 6. cxd5 exd5 7. Be2 Nc6 8. O-O cxd4 (8... Bd6 {
is also playable} 9. dxc5 Bxc5 10. b3 O-O 11. Bb2 Re8 {which leads to
dynamically balanced middlegame typical of the IQP.}) 9. Nxd4 Bd6 {This is the
most accurate.} (9... Bc5 $6 {ends up in a worse version of positions in the
game as the B eventually has to drop back to d6.} 10. Nxc6 bxc6 11. b3 O-O 12.
Bb2 Re8 (12... Bd6 13. Rc1) 13. Rc1 Bd6 14. Na4 $1 Bd7 15. Nc5 $14 {1-0 (36)
Fridman,R (2486)-Michalczak,T (2230) Germany 2015. White has scored well here
in practice.}) 10. b3 Be5 $6 {This plan is where Black starts to have problems.
} ({A better way to handle this position is} 10... Qc7 $1 11. Nf3 Be6 12. Bb2
O-O 13. Rc1 Rfd8 {where Black is seen to have equal chances in practice.} (
13... Rad8) (13... Rac8)) 11. Nxc6 $1 $146 {This is technically the new move
but also the most logical one as Black is threatening to take on d4 and
transform the structure in his favour.} (11. Ba3 {Allowed Black to equalise by
executing his idea.} Nxd4 12. exd4 Bd6 13. Bxd6 Qxd6 14. Bf3 O-O 15. Re1 Be6
$11 {1-0 (70) Biljanic,L (2322)-Todorovic,N (2100) Nis 2013. Black really has
no problems here.}) 11... bxc6 12. Bb2 h5 $6 ({Objectively best is} 12... O-O
13. Qc2 {[%cal Gc3a4]} Bd7 14. Na4 $14 {Black can still try to keep White's
edge to a minimum, but Navara probably found the resulting IQP positions
uninspiring, and maybe be even unbearable to play.}) 13. f4 $1 {This f-pawn
push is a typical defensive move in IQP positions. To learn more about such
typical ideas, check out Mikhalchishin's "Pattern Recognition and Typical
Plans."} (13. h3 {plays into Black's hands as now he has some kingside
weaknesses to play for.} Bb8 $1 $132 {[%csl Rh3][%cal Gd8c7,Gd8d6,Rb8h2,Gg2g3,
Rh5h4]}) 13... Bb8 14. Na4 Ba7 15. Bd4 {Mamedyarov is in time to neutralise
the dark-squared bishop, and stops Black from developing any sort of
initiative.} Bg4 16. Bxg4 $1 {It looks counter-intuitive to open up a file for
the enemy rook, but Mamedyarov correctly judges that Black is not in a
position to exploit it concretely, especially with his king still in the
centre.} hxg4 17. Rc1 Qd6 (17... Bxd4 18. exd4 $1 {[%csl Rc6,Re8,Rg4]} Qd6 19.
Re1+ Kf8 20. g3 g6 21. Nc5 Kg7 22. Re5 Rh6 23. Qe1 Rah8 24. Rc2 $16) 18. Qc2
$14 {Simple and effective. Mamedyarov slowly but gradually increases pressure
on the weak pawn. One can clearly see Dreev's influence on the way Mamedyarov
is handling the position.} ({It's also possible to play} 18. Bxa7 Rxa7 19. Qd4
{but Mamedyarov is probably concerned that it helps Black activate the
queenside rook.} Re7 {[%csl Re3,Re4][%cal Re7e3] But after} (19... Rc7 20. Nc5
a5 21. e4 $1 $16) 20. Qb6 $1 Rc7 21. Nc5 $14 {White is still on top.}) 18...
Bxd4 19. exd4 O-O (19... Rc8 20. Rfe1+ Kf8 21. Qc5 {and the ensuing ending is
hopeless for Black.}) 20. Qxc6 Qa3 21. Qc2 (21. Rc2 $2 {allows} Rfc8 22. Qxc8+
Rxc8 23. Rxc8+ Kh7 {Only Black can be better due to the weaknesses in White's
camp.}) 21... Rac8 (21... Ne4 22. Nb6 Rad8 23. Nxd5 Rxd5 24. Qxe4 Rfd8 25. Qe2
Rxd4 26. Rc2 $1 $16 {With this controlled move, White keeps a clear advantage
due to his extra pawn and Black's weak pawns.}) 22. Qb2 $1 (22. Qd2 Ne4) (22.
Nc5 Ne4 $132) 22... Qxb2 ({If} 22... Qd6 23. Nc5 Ne4 24. b4 $14 {White will
simply roll down his queenside majority.}) (22... Qb4 23. Nc5 Ne4 24. a3 $1 Qb5
25. a4 $16) 23. Nxb2 Rxc1 (23... Ne4 24. Na4 {[%csl Rd5][%cal Ra4b6]}) 24. Rxc1
Re8 25. Kf1 $1 {A very accurate move, that shows activity is more important
than material. One has to admire Mamedyarov's technical play in this situation
where Black is still able to make threats and create counterplay.} (25. Rc2 Re4
26. g3 Rxd4 {Here, White is basically a tempo down compared to the game.})
25... Re4 26. g3 Rxd4 27. Ke2 {The point. White's active king is able to
perform defensive tasks, allowing the other pieces to make threats next.} g5 $5
{An interesting way to drum up counterplay which will make sense after seeing
the next variation.} (27... Ne4 28. Nd3 $18 {[%csl Ra6,Rg8][%cal Re2e3,Rc1c6]
Black is stuck and doesn't have any good follow-ups.}) 28. fxg5 Ne4 29. Nd3
Nxg5 {This was only made possible by the insertion of g5 and hxg5.
Nevertheless, it is still not enough to equalise as Mamedyarov shows in his
following moves.} 30. Nf2 $1 {Keeping the rook from getting active and
preventing knight moves to f3.} Rb4 (30... Nf3 31. Nxg4 Rxg4 32. Kxf3 $18) 31.
Rc5 (31. Rc6 a5 32. Ra6 Nf3 (32... Rb5 33. Nxg4) 33. Rxa5 Nxh2 34. Rxd5) 31...
Ne4 (31... Nf3 32. Nxg4) 32. Ra5 (32. Rxd5 $4 Nc3+) 32... Nxf2 33. Kxf2 Rb6 34.
Rxd5 {White has carefully and skillfully simplified the somewhat complex
ending into a rook ending with a pawn up. Many books and software including GM
Müller's endgame videos have covered how to convert such positions, therefore
the rest of the game will only have light notes on the important ideas of this
rook ending.} Rh6 35. Ke3 $1 {King and rook activity are often more important
than material!} Rxh2 36. Ra5 f5 (36... Rh6 37. Rg5+ Kf8 38. Rxg4 $18) 37. Rxa6
Rg2 38. Kf4 Rf2+ 39. Kg5 Rf3 40. Kh4 $1 {This odd kind of retreat holds
Black's kingside pawns and his whole counterplay! White's winning plan now is
to simply push his pawns or use it to deflect the rook from his kingside pawns.
} Kf7 41. b4 Ke7 42. b5 Kd7 43. Ra7+ (43. a4 Kc7 44. a5 Kb7 45. Rf6 $18) 43...
Kd6 44. Rf7 Rf2 {There are too many ways to win here now.} 45. b6 (45. a4 Rh2+
46. Kg5 Rg2 47. a5 Rxg3 48. Rf6+ Kc5 (48... Kc7 49. b6+ Kb7 50. Rf7+ $18) 49.
Rxf5+ $18) (45. Kg5 Rf3 46. b6 Rxg3 47. b7 $18) 45... Rxa2 46. Rxf5 Rb2 47. Rh5
Rb4 48. Rh8 Ke5 49. Rb8 Kf6 50. Kh5 Kg7 51. Kg5 Kf7 52. Rb7+ Ke8 53. Kh4 Kf8
54. Kh5 Ke8 55. Rb8+ Kf7 56. Kg5 Kg7 57. Rb7+ Kf8 58. Kf6 Ke8 59. Rb8+ Kd7 60.
Kg5 Kc6 61. Kh5 Re4 62. Rg8 Kxb6 63. Rxg4 Re3 64. Rg7 $1 {The so-called
"horizontal cut-off" which is a theoretically useful winning tool.} Kc6 65. g4
Kd6 66. g5 Ke6 67. Kg6 Rg3 68. Ra7 {Superb positional and technical play from
the convincing winner of 2018 Biel GM Tournament!} 1-0

[Event "RUS-Cup01 Chigorin Memorial"]
[Site "St Petersburg"]
[Date "1997.11.04"]
[Round "4"]
[White "Shipov, Sergei"]
[Black "Yurtaev, Leonid"]
[Result "1-0"]
[WhiteElo "2575"]
[BlackElo "2520"]
[Annotator "Tsesarsky,I"]
[PlyCount "83"]
[EventDate "1997.11.01"]
[EventType "swiss"]
[EventRounds "9"]
[EventCountry "RUS"]
[SourceTitle "CBM 062"]
[Source "ChessBase"]
[SourceDate "1998.01.31"]
[SourceVersion "1"]
[SourceVersionDate "1998.01.31"]
[SourceQuality "1"]

1. d4 d5 2. c4 e6 3. Nf3 c5 4. cxd5 exd5 5. Bg5 Be7 6. Bxe7 Nxe7 7. dxc5 Qa5+
8. Nc3 Nbc6 9. e3 Qxc5 10. Be2 (10. Bb5 O-O 11. Bxc6 (11. O-O Bg4 12. Bxc6 bxc6
(12... Bxf3 13. Qxf3 bxc6 14. Rac1 Qb4 15. b3 Rfd8 16. Rfd1 Qd6 17. Na4 g6 18.
Nc5 Rab8 19. Qg3 Nf5 20. Qxd6 Rxd6 21. g3 $14 {1-0 Stohl,I-Votava,J/CSR-chT
1992 (68)}) 13. Qd4 Qxd4 14. Nxd4 c5 15. Nb3 Rfc8 16. h3 Be6 17. Rfd1 Rab8 $11
{1-0 Jirovsky,M-Gabriel,C/Prague mJ 1991 (39)}) 11... bxc6 12. O-O Rb8 13. Rc1
Qa5 14. Qd2 (14. b3 Bg4) 14... Bg4 15. Nd4 Rfd8 16. h3 Bh5 $132 {1-0 Jirovsky,
M-Orsag,M/Decin op 1995/EXT 95op (35)}) 10... O-O 11. O-O Rd8 (11... Be6 12.
Qa4 (12. Rc1 Rad8 13. Na4 (13. a3 Nf5 14. b4 Qe7 15. Nb5 $14 {1-0 Kochiev,
A-Kiik,K/Tallinn 1985 (33)}) 13... Qd6 14. Nc5 Bc8 15. Qd2 b6 16. Nb3 Bg4 17.
Rfd1 Qh6 18. Nbd4 Rd6 $1 19. b4 (19. h3 Bxh3 20. Nxc6 Nxc6 21. gxh3 Qxh3 22.
Ng5 Rg6 23. f4 Ne5 $1 24. Bf1 Qg3+ 25. Bg2 Rxg5 26. fxe5 Rh5 $17) 19... Qh5 20.
b5 Nxd4 21. Nxd4 Bxe2 22. Nxe2 $16 {1-0 Tal,M-Ivanovic,B/Bugojno 1984 (38)})
12... Qb6 13. Qa3 Nf5 14. Na4 Qa5 15. Rfd1 Rac8 16. Ng5 d4 17. Nxe6 fxe6 18. e4
$14 {Kortschnoj,V-Chandler,M/London 1984/MCL 01/1-0 (62)}) 12. Rc1 (12. Qd2 Nf5
(12... Bg4 13. Nd4 Bxe2 14. Ncxe2 Rd6 15. Rfd1 Rad8 16. Rac1 Qb6 17. h3 $14 {
1/2-1/2 Duer,W-Angerer,H/AUT BL 1989 (61)}) (12... d4 13. Rfd1 d3 14. Bxd3 Bf5
15. Qe2 Bxd3 16. Rxd3 Rxd3 17. Qxd3 Rd8 18. Qb5 $16 {1-0 Fischdick,G-Kondou,E/
Thessaloniki olw 1984 (42)}) 13. Rfd1 Be6 14. Nb5 Rac8 15. Bd3 a6 16. Bxf5 Bxf5
17. Nbd4 Be4 18. Rac1 Qd6 19. Rc3 {+/= Speelman,J-Chandler,M/Hong Kong 1984}) (
12. Qa4 Be6 13. Rfd1 a6 14. Rac1 Qb6 15. Rd2 h6 16. Rcd1 Rac8 17. Nd4 Nxd4 18.
Qxd4 Qa5 19. a3 Nc6 20. Qf4 $14 {1/2-1/2 Drasko,M-Kosic,D/JUG-ch Tivat 1994 
(46)}) 12... Qa5 (12... Bg4 13. Qa4 Bh5 (13... Bxf3 14. Bxf3 Ne5 15. Be2 N7c6
16. Rfd1 Nc4 (16... d4 17. Nb5 Qb4 18. Qxb4 Nxb4 19. exd4 $16) 17. Rxd5 $1 (17.
Nxd5 $6 b5 18. b4 Nxb4 19. Qxb4 Rxd5 20. Qxc5 Rxc5 21. Rd7 $14 {1/2-1/2
Georgiev,K-Marjanovic,S/Sarajevo 1985 (41)}) 17... Rxd5 18. Nxd5 b5 19. Qd1 Rd8
20. e4 $18) 14. Qb3 Na5 15. Qa4 Nac6 16. Rfd1 Qb6 17. Qa3 Rac8 18. h3 h6 19.
Na4 $14 {Stohl,I-Fogarasi,T/Mitropa Cup 1991/CBM 26/ - (70)}) 13. Rc2 $5 (13.
a3 $14) 13... h6 (13... Bg4 14. Rd2 Rac8 15. Nd4 Bxe2 16. Ndxe2 Ne5 17. Qb3 Nc4
18. Rd3 Ne5 (18... Qb6) 19. Rd4 (19. Rd2 Nc4 $11) 19... N5c6 20. Rd2 $14) 14.
Rd2 Be6 15. Qb1 $5 Rab8 (15... Bf5 $1 16. Qa1 $14 (16. Bd3 d4 $1 17. Bxf5 Nxf5
18. exd4 Ncxd4 19. Nxd4 Nxd4 20. Kh1 $11) (16. Qc1 Rac8 17. Rfd1 Be4 18. a3 $14
)) (15... Rac8 16. Rfd1 $14) 16. Rc1 $5 (16. Rfd1 $14) 16... b5 17. b3 a6 (
17... Bg4 18. Nd4 Bxe2 19. Ndxe2 Rbc8 20. Qb2 $14) 18. Qb2 Rbc8 19. h3 (19. Bd1
Nf5 20. Ne2 Nce7 21. Ned4 Rxc1 22. Qxc1 Rc8 23. Qb2 Nxd4 24. Nxd4 Qc3 25. Qxc3
Rxc3 26. Rc2 $14) 19... Nf5 (19... b4 20. Na4 Na7 21. Rdc2 Rxc2 22. Rxc2 Rc8
23. Rxc8+ Nexc8 24. Qd2 (24. Nd4 Bd7 25. Qc2 Bxa4 26. bxa4 Ne7 27. Kf1 $14)
24... Nc6 25. Qc2 N8e7 26. Qc5 $14) 20. Rcd1 $6 (20. g4 $1 Nfe7 (20... d4 21.
Nd1 Nd6 22. exd4 $16 (22. Nxd4 Nxd4 23. Rxd4 Rxc1 24. Qxc1 Qxa2 $132)) 21. Bf1
$14) 20... Nce7 $5 (20... d4 $1 21. exd4 Ncxd4 22. Nxd4 Nxd4 23. Rxd4 Rxd4 24.
Rxd4 Qxc3 (24... Rxc3 25. Qd2 $14) 25. Rd8+ Kh7 26. Qxc3 Rxc3 27. Rd6 Bc8 28.
Kh2 g5 $11) 21. b4 Qb6 (21... Qc7 22. Rd3 $14) 22. Nd4 Nxd4 23. Rxd4 Qc7 $6 (
23... Rd7 $1 24. R4d3 (24. Bf3 $2 Nf5 $1 25. Nxd5 $4 Nxd4 $1 26. Nxb6 Nxf3+ 27.
gxf3 (27. Kf1 Rxd1+ 28. Ke2 Rd2+ 29. Qxd2 Nxd2 30. Nxc8 Bxc8 $19) 27... Rxd1+
28. Kg2 Rc6 $19) (24. Qd2 Rcd8 25. Rd3 (25. Bf3 Nc6 26. Rxd5 Bxd5 27. Nxd5 Ne5
$17) 25... Bf5 26. Rd4 Be6 $11) 24... Rcd8 $1 (24... Bf5 25. Nxd5 Nxd5 26. Rxd5
Rxd5 27. Rxd5 Qg6 (27... Rc2 28. Qe5 Rxe2 29. Qxf5 $16) 28. g4 Rc2 29. Qe5 Rxe2
30. Qe8+ Kh7 31. Rxf5 $18) 25. Bf3 (25. a4 Nc6 $44) 25... d4 26. exd4 (26. Rxd4
Rxd4 27. exd4 Rxd4 $11) 26... Rxd4 (26... Ng6 $1 27. R3d2 (27. Ne4 Ne5 $17)
27... Rxd4 28. Nd5 Rxd2 29. Qxd2 (29. Nxb6 Rxb2 (29... Rxd1+ 30. Bxd1 Rxd1+ 31.
Kh2 Rd6 32. Na8 Rc6 33. Qd4 Bxa2 34. Qa7 $16) 30. Rxd8+ Kh7 $17) 29... Bxd5 30.
Bxd5 Kh8 31. Qc2 Qf6 $11) 27. Na4 Rxd3 28. Nxb6 Rxd1+ 29. Bxd1 Rxd1+ 30. Kh2
Rd6 31. Na8 Nd5 32. Qd4 Rc6 $1 $44 {[%csl Ra8]}) 24. R4d3 Qe5 25. Bf3 Rc4 (
25... Rd7 26. Qd2 Rdc7 27. Nxd5 Nxd5 28. Bxd5 Rc2 29. Qe1 Bxd5 30. Rxd5 Qb2 31.
Rd8+ Rxd8 32. Rxd8+ Kh7 $44) 26. Qa3 (26. Qd2 Rxb4 27. e4 (27. Nxd5 Nxd5 28.
Bxd5 Rb2 29. Qc1 (29. Bxe6 Rxd2 30. Rxd8+ Rxd8 31. Rxd8+ Kh7 32. Bxf7 Qa1+ 33.
Kh2 Qf6 34. Bg8+ Kg6 35. Ra8 Qc6 $15) 29... Bxd5 30. Rxd5 Rxd5 31. Rxd5 Qxd5
32. Qxb2 a5 $15) 27... Qf6 (27... Re8 28. exd5 Bf5 29. Re3 Qd6 30. Qe2 $14) 28.
Nxd5 Nxd5 29. exd5 Rb2 30. Qc3 Qxc3 31. Rxc3 Bf5 $132) 26... Rc6 $5 (26... Rd6
$1 27. Ne2 (27. e4 d4 28. Nd5 Nxd5 29. exd5 Bxd5 $17) 27... Nc6 $132) 27. e4 $1
(27. Ne2 Rcd6 28. Nd4 $14) 27... d4 (27... Rcd6 28. exd5 Bxd5 (28... Nxd5 29.
Ne4 Rc6 30. Qa5 $16) 29. Nxd5 Nxd5 30. Bxd5 Rxd5 31. Rxd5 Rxd5 32. Rxd5 Qxd5
33. Qxa6 $16) 28. Nd5 Bxd5 (28... Ng6 29. Rxd4 $16) 29. exd5 Rc3 (29... Rc4 $6
30. Qxa6 $14) 30. Qxa6 (30. Qa5 Rd6 31. Rxd4 Nc6 $1 $17) 30... Rxd3 $8 31. Rxd3
Qe1+ 32. Kh2 Nf5 (32... Nxd5 33. Qa5 Qe5+ 34. g3 Rc8 35. a3 (35. Qxb5 $4 Rc2
$19) 35... Ne3 $1 36. Qa6 (36. fxe3 Rc2+ $19) 36... Rc2 37. Qa8+ Kh7 38. Qe4+
Qxe4 39. Bxe4+ f5 40. Bc6 Rxf2+ 41. Kh1 Rf1+ 42. Kh2 Rf2+ $11) 33. Qb6 (33. Qa5
Rc8 34. Qxb5 Qxf2 35. Rd1 Ne3 36. Ra1 Qb2 $132) 33... Rc8 (33... Ra8 34. d6
Qe5+ 35. Kg1 (35. g3 $4 Rxa2 $19) 35... Qe1+ 36. Kh2 Qe5+ $11) 34. Bg4 $4 (34.
Qxb5 Qe5+ $11) 34... Qe5+ $19 35. g3 (35. Rg3 Rb8 36. Qxb8+ Qxb8 37. Bxf5 Qe5
$19) 35... Rc2 36. Rf3 Nd6 $4 (36... Rxf2+ 37. Rxf2 Qxg3+ 38. Kh1 Qxf2 39. Qb8+
Kh7 40. Bxf5+ Qxf5 41. d6 d3 $19) 37. Qb8+ $18 Kh7 38. Bf5+ $1 Qxf5 (38... g6
39. Bxc2) 39. Rxf5 Nxf5 40. Qf4 g6 41. g4 Ng7 42. d6 1-0

[Event "Clichy"]
[Site "Clichy"]
[Date "2001.06.26"]
[Round "2"]
[White "Renet, Olivier"]
[Black "Conquest, Stuart"]
[Result "0-1"]
[WhiteElo "2494"]
[BlackElo "2563"]
[Annotator "Wells,P"]
[PlyCount "70"]
[EventDate "2001.06.25"]
[EventType "tourn"]
[EventRounds "9"]
[EventCountry "FRA"]
[EventCategory "14"]
[SourceTitle "CBM 085"]
[Source "ChessBase"]
[SourceDate "2001.11.13"]
[SourceVersion "1"]
[SourceVersionDate "2001.11.13"]
[SourceQuality "1"]

1. Nf3 {I never cease to wonder at the apparent casual attitude to tempi which
characterise the theory of IQPs. For example, look at the often played} (1. d4
Nf6 2. c4 e6 3. Nc3 Bb4 4. e3 O-O 5. Bd3 d5 6. Nf3 c5 7. O-O cxd4 8. exd4 dxc4
9. Bxc4 Nc6 10. a3 Be7 11. Ba2 {which is a clear tempo worse for black than
the next note.}) 1... c5 2. c4 Nf6 3. Nc3 e6 4. e3 d5 5. d4 a6 (5... cxd4 6.
exd4 Be7 7. Bd3 dxc4 8. Bxc4 Nc6 9. a3 O-O 10. O-O b6 11. Ba2) 6. cxd5 exd5 7.
Be2 Nc6 8. O-O Bd6 9. dxc5 Bxc5 10. b3 O-O 11. Bb2 Re8 12. Rc1 Ba7 13. Na4 Ne4
14. Nd4 {[%cal Gd8g5,Gc8h3,Yd4c6,Yb7c6,Ge8e6,Ge6h6] This manouevre does not
turn out well. But a real problem for white - what else is the plan in such a
position??} Qg5 $1 {Excellent. Could we have another 'reversed openings
paradox'? In the similar case in which white has the isolani the extra tempo
has usually been expended on Qd3 ( ...Qd6 ). However, here still being on d8
enables this rather effective sally. The position cannot be as clear as the
remaining play suggests, but black's attack clearly deserves respect.} 15. Nxc6
bxc6 16. Bd4 (16. Rxc6 Nxf2 17. Kxf2 Qxe3+ 18. Ke1 Bg4 19. Rc2 d4 20. Bc1 Qe4
21. Rf4 Qxg2 22. Qd3 Qh1+ 23. Rf1 Qxh2) 16... Bh3 17. Bf3 Bxd4 18. Qxd4 Re6 19.
Rc2 (19. Nc5 Rg6 $1 $40 (19... Nxc5 20. Rxc5 Bxg2 (20... Rf6 21. Qd1 Rg6 22.
Qc2 Bxg2 23. h4 Qxh4 24. Bxg2 Rxg2+ 25. Kxg2 Qg4+) 21. h4 $1 Bxf3+ 22. hxg5 Re4
23. Rxc6 Rxd4 24. exd4 $18)) 19... Rg6 20. Bxe4 dxe4 21. f4 exf3 22. Rxf3 Rd8
23. Qa1 Bxg2 24. Rg3 Qh5 25. Kxg2 Rxg3+ 26. hxg3 Rd1 27. Qxd1 Qxd1 28. Rf2 Qd5+
29. Kh2 Qd3 30. Nb2 Qxe3 31. Rg2 Qh6+ 32. Kg1 Qc1+ 33. Kh2 h5 34. Nd3 Qe3 35.
Nf4 h4 0-1